000 00265 a2200073 4500
245 0 _aAvtomaticeskie sistemy kommutacii dlja mezdugorodnoj telefonnoj seti :
_bsbornik naucnych trudov /
_c.
710 2 _aCNIIS.
_eWydawca
_4pbl
260 _aMoskva :
_bCNIIS,
_c1986.
300 _a96 s.:
_bil.;
_c20 cm.
999 _c3413
_d3413